AH International Schools' Libraries

Uncle shawn and bill and the pajimminy-crimminy unusual adventure / (Record no. 49562)

MARC details
000 -LEADER
fixed length control field 00326nam a2200109 4500
020 ## - INTERNATIONAL STANDARD BOOK NUMBER
International Standard Book Number 9781406360509
100 ## - MAIN ENTRY--PERSONAL NAME
Personal name Kennedy, A.L.
9 (RLIN) 86693
245 ## - TITLE STATEMENT
Title Uncle shawn and bill and the pajimminy-crimminy unusual adventure /
Statement of responsibility, etc A.L. Kennedy
260 ## - PUBLICATION, DISTRIBUTION, ETC. (IMPRINT)
Place of publication, distribution, etc London
Name of publisher, distributor, etc Walker Books
Date of publication, distribution, etc 2018
300 ## - PHYSICAL DESCRIPTION
Extent 270 p.
Other physical details ill.
Dimensions 21 cm.
942 ## - ADDED ENTRY ELEMENTS (KOHA)
Source of classification or shelving scheme
Koha item type Book
Holdings
Withdrawn status Lost status Source of classification or shelving scheme Damaged status Not for loan Home library Current library Shelving location Date acquired Total Checkouts Full call number Barcode Date last seen Date checked out Price effective from Koha item type
          Asian Hope Primary Library Asian Hope Primary Library Junior Fiction 09/11/2025 4 J FIC KEN 208140 04/21/2026 03/31/2026 09/11/2025 Book

For any Logos Library related questions please contact Miss Art at swongnarasuk@asianhope.org.

For any Asian Hope Library related questions please contact Miss Raza at graza@asianhope.org.

Click here to explore our ebooks!

Powered by Koha